Formula 1 Team Quiz - McLaren - Statistics

General Stats
  • This quiz has been taken 192 times
  • The average score is 16 of 19
Answer Stats
Hint Answer % Correct
Founder Bruce McLaren
98%
Nation Founded United Kingdom
96%
Best Result 1st
94%
Best Grid Position 1st
94%
2008 Lewis Hamilton
94%
1988 Ayrton Senna
92%
1990 Ayrton Senna
92%
1991 Ayrton Senna
92%
1985 Alain Prost
90%
1986 Alain Prost
90%
1989 Alain Prost
90%
Number of CWC 8
86%
1998 Mika Häkkinen
86%
1999 Mika Häkkinen
86%
First Year Raced 1966
82%
1984 Niki Lauda
78%
1976 James Hunt
74%
1974 Emerson Fittipaldi
65%
First Grand Prix Monaco
48%
No matching quizzes found
Score Distribution
Percent of People with Each Score
Percentile by Number Answered
Your Score History
You have not taken this quiz